| 000 | 00364nam a22001457a 4500 | ||
|---|---|---|---|
| 999 |
_c1637 _d1637 |
||
| 008 | 200128b ||||| |||| 00| 0 eng d | ||
| 041 | 0 | _aeng | |
| 082 | 0 | 0 |
_a510 _bH254 |
| 100 |
_91269 _aHarary, Frank |
||
| 245 | 1 | 0 |
_aGraph theory / _cby Frank Harary |
| 260 |
_aNew Delhi: _bNarosa Publishing, _c1997. |
||
| 300 | _axi, 286 p. | ||
| 650 | 0 | _amathematics | |
| 942 | _cBK | ||